New practice readers : book D

Bibliographic Details
Main Authors: Stone, Clarence R. (Author), Grover, Charles C. (Author)
Format: Book
Published: London McGraw-Hill Book 1962
Subjects:

MARC

LEADER 00000cam a2200000 7i4500
001 0000008666
008 021119n
020 |a 00617090 
090 0 0 |a PE1119  |b .S766 
100 0 |a Stone, Clarence R.  |e author 
245 0 0 |a New practice readers : book D   |c Clarence R. Stone, Charles C. Grover 
260 2 |a London   |b McGraw-Hill Book  |c 1962 
300 |a 188 p. ;  |c 21 cm. 
650 0 |a Readers 
700 0 |a Grover, Charles C.  |e author 
999 |a 1000034726  |b Book  |c OPEN SHELF (30 DAYS)  |e Gong Badak Campus